Let Alone The One You Love - Olivia Dean (all lyrics) - Statistics

General Stats
  • This quiz has been taken 27 times
  • The average score is 152 of 182
Answer Stats
Answer % Correct
do
100%
I
100%
a
92%
all
92%
alone
92%
And
92%
and
92%
at
92%
friend
92%
if
92%
keep
92%
knew
92%
Let
92%
love?
92%
me
92%
on
92%
one
92%
that
92%
the
92%
Though
92%
Thought
92%
thought
92%
to
92%
try
92%
was
92%
Who
92%
would
92%
wouldn't
92%
you
92%
You
92%
babe
85%
back
85%
be
85%
bit
85%
could
85%
crossing
85%
done
85%
feeling
85%
handle
85%
having
85%
him
85%
hold
85%
I'm
85%
in
85%
it
85%
it,
85%
just
85%
line
85%
much
85%
No
85%
no
85%
not
85%
Really
85%
small
85%
small,
85%
this
85%
too
85%
tried
85%
with
85%
You're
85%
dial
77%
I've
77%
Like
77%
like
77%
push
77%
react
77%
same,
77%
take
77%
Well,
77%
well,
77%
were
77%
yeah
77%
breeze
69%
evening
69%
had
69%
I'd
69%
It's
69%
needed
69%
safe,
69%
then
69%
any
62%
asked,
62%
But
62%
changed
62%
choice
62%
making
62%
mind
62%
questions
62%
warmth
62%
doubt
54%
hmm
54%
mend
54%
mine,
54%
when
54%
worth
54%
end
46%
hug
46%
they're
38%
No matching quizzes found
Score Distribution
Percent of People with Each Score
Percentile by Number Answered
Your Score History
You have not taken this quiz